000 00444nam a2200205Ia 4500
001 084277
003 YMCAF
005 20230512161442.0
008 100717s2002 ||||||||||||||||| ||und|d
024 _a84277
035 _a23737
040 _aYMCAF
_beng
_cIN-KoLT
041 _aeng
082 _a621.402
_b1 ACH
100 _aAchuthan, M
245 0 _aEngineering thermodynamics
260 _bTMH
_c2002
300 _a472
942 _2ddc
_cBK
999 _c8672
_d8672